[Event "Al-Ain Classic Open A 2013"]
[Site "Al-Ain UAE"]
[Date "2013.12.27"]
[Round "8.14"]
[White "Ghaem Maghami, Ehsan"]
[Black "Golizadeh, Asghar"]
[Result "1/2-1/2"]
[WhiteTitle "GM"]
[BlackTitle "GM"]
[WhiteElo "2560"]
[BlackElo "2500"]
[WhiteFideId "12500739"]
[BlackFideId "12505269"]
[EventDate "2013.12.19"]

1. e4 c5 2. Nf3 e6 3. g3 Nc6 4. Bg2 d6 5. d4 cxd4 6. Nxd4 Bd7 7. O-O Nf6 8. c4
Nxd4 9. Qxd4 Bc6 10. Nc3 Be7 11. h3 O-O 12. Rd1 a6 13. Qd3 Nd7 14. Qe2 Qc7 15.
Bf4 Rac8 16. Rac1 Ne5 17. Be3 Qb8 18. a4 b6 19. b3 Nd7 20. Bd4 Rfe8 21. h4 Bf8
22. Rb1 Qb7 23. Rdc1 Qa8 24. Qd2 Nc5 25. Re1 Qb8 26. Qe2 d5 27. b4 Nxa4 28. Nxa4
Bxa4 29. exd5 exd5 30. Qa2 Rxc4 31. Bxd5 Rxe1+ 32. Rxe1 Rxd4 33. Bxf7+ Kh8 34.
Qxa4 Rd8 35. Qxa6 Bxb4 36. Re3 Bc5 37. Rf3 Qe5 38. Kg2 Qe4 39. Qc4 Qxc4 40. Bxc4
Rf8 41. Rxf8+ Bxf8 42. h5 g6 43. hxg6 hxg6 44. f4 Be7 45. Kf3 Kg7 1/2-1/2

[Event "Al-Ain Classic Open A 2013"]
[Site "Al-Ain UAE"]
[Date "2013.12.27"]
[Round "8.15"]
[White "Drazic, Sinisa"]
[Black "Baryshpolets, Andrey"]
[Result "0-1"]
[WhiteTitle "GM"]
[BlackTitle "GM"]
[WhiteElo "2441"]
[BlackElo "2557"]
[WhiteFideId "901172"]
[BlackFideId "14117207"]
[EventDate "2013.12.19"]

1. b3 c5 2. Bb2 Nc6 3. Nf3 Nf6 4. c4 e6 5. e3 d5 6. Be2 d4 7. exd4 cxd4 8. d3
Be7 9. O-O O-O 10. a3 a5 11. Nbd2 e5 12. Ne1 Bf5 13. Bf3 Re8 14. Qe2 Bf8 15. Rb1
Bg6 16. Bc1 Rb8 17. g4 e4 18. Nxe4 Ne5 19. Bg5 Bxa3 20. Bxf6 gxf6 21. Bg2 Nxg4
22. Qxg4 f5 23. Qh3 fxe4 24. dxe4 Kh8 25. Qd3 Bc5 26. f4 Qe7 27. f5 Bh5 28. f6
Qd6 29. Rb2 Rg8 30. Rf5 Bg6 31. Rd5 Qb6 32. Rf2 Rbe8 33. Kh1 Rd8 34. Nf3 Rxd5
35. cxd5 Qxf6 36. Rf1 b6 37. Nd2 Qg5 38. Qf3 Kg7 39. Nc4 f6 40. Bh3 b5 41. Nxa5
Qh4 42. Bf5 Bh5 43. Qd3 Bd6 44. Qd2 Kh8 45. h3 Qg3 0-1

[Event "Al-Ain Classic Open A 2013"]
[Site "Al-Ain UAE"]
[Date "2013.12.27"]
[Round "8.16"]
[White "Khatanbaatar, Bazar"]
[Black "Shyam, Sundar M."]
[Result "1/2-1/2"]
[WhiteTitle "GM"]
[BlackTitle "GM"]
[WhiteElo "2329"]
[BlackElo "2534"]
[WhiteFideId "4900332"]
[BlackFideId "5019141"]
[EventDate "2013.12.19"]

1. e4 c6 2. d4 d5 3. Nc3 dxe4 4. Nxe4 Bf5 5. Ng3 Bg6 6. Nh3 Nf6 7. Nf4 e5 8.
Nxg6 hxg6 9. dxe5 Qa5+ 10. Bd2 Qxe5+ 11. Qe2 Nbd7 12. f4 Qxe2+ 13. Bxe2 Bc5 14.
O-O-O O-O 15. Bf3 Rfe8 16. Rhe1 Bf2 17. Rxe8+ Rxe8 18. Nh1 Bc5 19. Re1 Rxe1+ 20.
Bxe1 Nb6 21. Bf2 Nfd7 22. Bxc5 Nxc5 23. b3 Ne6 24. g3 g5 25. fxg5 Nxg5 26. Bg2
Kf8 27. Nf2 Ke7 28. Kd2 a5 29. c4 Kd6 30. Kc3 Nd7 31. a3 f5 32. h4 Ne6 33. Bh3
Ke5 34. Nd3+ Ke4 35. Nf2+ Ke3 36. Nd1+ Ke4 37. Nf2+ Ke5 38. Nd3+ 1/2-1/2

[Event "Al-Ain Classic Open A 2013"]
[Site "Al-Ain UAE"]
[Date "2013.12.27"]
[Round "8.17"]
[White "Kanter, Eduard"]
[Black "Filippov, Anton UZB"]
[Result "0-1"]
[WhiteTitle "IM"]
[BlackTitle "GM"]
[WhiteElo "2406"]
[BlackElo "2634"]
[WhiteFideId "4103963"]
[BlackFideId "14200988"]
[EventDate "2013.12.19"]

1. d4 d5 2. c4 e6 3. Nf3 c6 4. g3 dxc4 5. Bg2 b5 6. Ne5 Bb7 7. O-O a6 8. Nc3 Nf6
9. b3 cxb3 10. axb3 Nbd7 11. Qc2 Nxe5 12. dxe5 Nd5 13. Rd1 Qb8 14. Ne4 Qxe5 15.
Bb2 Qc7 16. Nc5 Bxc5 17. Qxc5 Qe7 18. Qd4 f6 19. Ba3 b4 20. Bxd5 cxd5 21. Bxb4
Qd7 22. Rac1 Kf7 23. Qh4 h5 24. Rc5 Rac8 25. Rdc1 Rxc5 26. Rxc5 Kg6 27. Qd4 e5
28. Qd3+ e4 29. Qc2 h4 30. Rc7 Qb5 31. Bd6 h3 32. Bf4 d4 33. Qc4 Bd5 34. Qxd4
Qxe2 35. Rc1 Rc8 36. Qe3 Rxc1+ 37. Qxc1 Bxb3 0-1

[Event "Al-Ain Classic Open A 2013"]
[Site "Al-Ain UAE"]
[Date "2013.12.27"]
[Round "8.18"]
[White "Geller, Jakov"]
[Black "Baghdasaryan, Vahe"]
[Result "1-0"]
[WhiteTitle "GM"]
[BlackTitle "IM"]
[WhiteElo "2542"]
[BlackElo "2395"]
[WhiteFideId "4151984"]
[BlackFideId "13303139"]
[EventDate "2013.12.19"]

1. e4 c5 2. Nf3 e6 3. d4 cxd4 4. Nxd4 a6 5. Bd3 Nf6 6. O-O Qc7 7. Qe2 d6 8. c4
Nc6 9. Nxc6 bxc6 10. Nc3 Be7 11. f4 e5 12. f5 h5 13. Bd2 Rb8 14. b3 Bd8 15. Kh1
Qe7 16. c5 dxc5 17. Bxa6 Bxa6 18. Qxa6 O-O 19. Be3 Rb6 20. Qc4 Rb4 21. Qxc5 Qb7
22. Rae1 Nxe4 23. Nxe4 Rxe4 24. Qxf8+ Kxf8 25. Bc5+ Kg8 26. Rxe4 Qa6 27. Rd1 Bc7
28. a4 Qc8 29. Rf1 Qa6 30. Rf3 Qa5 31. Bg1 f6 32. Rd3 g6 33. fxg6 f5 34. Rc4 e4
35. Rd7 Bxh2 36. Rxc6 Qa8 37. Bxh2 Qxc6 38. Rd8+ Kg7 39. Be5+ Kh6 40. g7 1-0

[Event "Al-Ain Classic Open A 2013"]
[Site "Al-Ain UAE"]
[Date "2013.12.27"]
[Round "8.19"]
[White "Batchuluun, Tsegmed"]
[Black "Hesham, Abdelrahman"]
[Result "1-0"]
[WhiteTitle "GM"]
[BlackTitle "IM"]
[WhiteElo "2528"]
[BlackElo "2374"]
[WhiteFideId "4900847"]
[BlackFideId "10600183"]
[EventDate "2013.12.19"]

1. d4 Nf6 2. c4 g6 3. Nc3 Bg7 4. e4 d6 5. f3 O-O 6. Be3 Nc6 7. Nge2 a6 8. Qd2
Rb8 9. h4 h5 10. Nc1 e5 11. d5 Nd4 12. Nb3 c5 13. dxc6 bxc6 14. Nxd4 exd4 15.
Bxd4 Re8 16. Rd1 d5 17. cxd5 cxd5 18. e5 Nh7 19. f4 f6 20. Be2 fxe5 21. fxe5
Bxe5 22. O-O Bxd4+ 23. Qxd4 Rxb2 24. Bc4 Be6 25. Nxd5 Rb8 26. Qe4 Bf7 27. Ne7+
Qxe7 28. Qxg6+ Kh8 29. Rxf7 1-0

[Event "Al-Ain Classic Open A 2013"]
[Site "Al-Ain UAE"]
[Date "2013.12.27"]
[Round "8.21"]
[White "Pourkashiyan, Atousa"]
[Black "Arab, Adlane"]
[Result "0-1"]
[WhiteTitle "WGM"]
[BlackTitle "IM"]
[WhiteElo "2334"]
[BlackElo "2433"]
[WhiteFideId "12502014"]
[BlackFideId "7900872"]
[EventDate "2013.12.19"]

1. e4 c5 2. Nf3 Nc6 3. d4 cxd4 4. Nxd4 Qb6 5. Nb3 Nf6 6. Nc3 e6 7. Bg5 Be7 8.
Qd2 h6 9. Be3 Qc7 10. f3 a6 11. O-O-O b5 12. Kb1 Ne5 13. Qd4 d6 14. Be2 Rb8 15.
f4 Nc6 16. Qd3 b4 17. Na4 e5 18. f5 O-O 19. g4 Rd8 20. g5 hxg5 21. Bxg5 d5 22.
Bxf6 dxe4 23. Qxe4 Rxd1+ 24. Rxd1 Bxf6 25. Nac5 a5 26. Qd3 Nd4 27. Ne4 Nxe2 28.
Nxf6+ gxf6 29. Qxe2 Bxf5 30. Rf1 Bg6 31. Rxf6 a4 32. Nc1 Rc8 33. Rf2 Qb7 34. Qe3
Qc6 35. Qd2 Qb6 36. Rg2 Kh7 37. Qe1 Qc6 38. Qd2 Qe4 39. Re2 Rxc2 40. Qxc2 Qd4
41. Qxg6+ Kxg6 42. Kc2 f5 43. b3 a3 44. Rd2 Qc3+ 45. Kd1 e4 46. Rc2 Qf3+ 47. Ne2
e3 0-1

[Event "Al-Ain Classic Open A 2013"]
[Site "Al-Ain UAE"]
[Date "2013.12.27"]
[Round "8.24"]
[White "Erdogdu, Mert"]
[Black "Plotkin, Victor"]
[Result "1-0"]
[WhiteTitle "IM"]
[BlackTitle "FM"]
[WhiteElo "2426"]
[BlackElo "2228"]
[WhiteFideId "6301495"]
[BlackFideId "2606674"]
[EventDate "2013.12.19"]

1. e4 e5 2. Bc4 Nf6 3. d3 Nc6 4. Nf3 Bc5 5. c3 d6 6. Bb3 Bb6 7. h3 Be6 8. Bc2 d5
9. Nbd2 h6 10. Qe2 O-O 11. Nf1 dxe4 12. dxe4 Nh5 13. g3 f5 14. exf5 Bxf5 15.
Bxf5 Rxf5 16. Rh2 Rf7 17. Be3 Qd5 18. N3d2 Nd4 19. cxd4 exd4 20. Bf4 Nxf4 21.
gxf4 Rxf4 22. Qc4 Re8+ 23. Kd1 Qxc4 24. Nxc4 Ref8 25. Nxb6 axb6 26. Ke2 Re8+ 27.
Kd3 Ref8 28. Nd2 Rxf2 29. Rah1 c5 30. a4 R2f4 31. Rg1 Re8 32. Rg3 Kf7 33. Nc4
Re6 34. Re2 Rxe2 35. Kxe2 Re4+ 36. Kf2 Re6 37. Rb3 g5 38. Nxb6 Kg6 39. Nc4 Re7
40. Nd6 Rd7 41. Rb6 Kh5 42. Ne4 Rf7+ 43. Kg2 g4 44. hxg4+ Kxg4 45. Nxc5 h5 46.
Rb4 Rc7 47. Rxd4+ Kf5 48. Rd5+ Kg4 49. a5 h4 50. Rd4+ Kf5 51. b4 1-0

[Event "Al-Ain Classic Open A 2013"]
[Site "Al-Ain UAE"]
[Date "2013.12.27"]
[Round "8.25"]
[White "Abdulla, Khayala"]
[Black "Mammadov, Zaur"]
[Result "1/2-1/2"]
[WhiteTitle "WIM"]
[BlackTitle "IM"]
[WhiteElo "2260"]
[BlackElo "2423"]
[WhiteFideId "13401807"]
[BlackFideId "13401033"]
[EventDate "2013.12.19"]

1. e4 e6 2. d4 d5 3. Nc3 Nf6 4. Bg5 dxe4 5. Nxe4 Be7 6. Bxf6 gxf6 7. Nf3 f5 8.
Nc3 a6 9. g3 b5 10. Bg2 Bb7 11. O-O Qd6 12. Re1 Nd7 13. Ne5 Bxg2 14. Kxg2 b4 15.
Qf3 O-O 16. Nxd7 Qxd7 17. Ne2 Rfd8 18. c4 bxc3 19. bxc3 Rab8 20. Nf4 Rb6 21. Kg1
Bg5 22. Nd3 Qc6 23. Qh5 Bf6 24. Ne5 Qe8 25. Nf3 Bg7 26. Rab1 Rxb1 27. Rxb1 h6
28. Ne5 c5 29. Rb7 Bxe5 30. dxe5 Kg7 31. Rc7 Rd5 32. f4 Rd7 33. Rxd7 Qxd7 34.
Qe2 Qa4 35. Qd2 Qe4 36. Qb2 a5 37. Qa3 a4 38. Kf2 Qc2+ 39. Kg1 c4 40. Kf1 Kg8
41. Kg1 Qd1+ 42. Kg2 Qd2+ 43. Kh3 Qd1 44. Qe7 Qf1+ 45. Kh4 Qd3 46. Qe8+ Kg7 47.
Qe7 Kg8 48. Qe8+ Kg7 49. Qe7 Qf3 50. h3 Qxc3 51. Qf6+ Kg8 52. Qd8+ Kg7 53. Qf6+
Kg8 54. Qd8+ 1/2-1/2

[Event "Al-Ain Classic Open A 2013"]
[Site "Al-Ain UAE"]
[Date "2013.12.27"]
[Round "8.29"]
[White "Sameir, Ramez"]
[Black "Abdulov, Orkhan"]
[Result "1/2-1/2"]
[BlackTitle "IM"]
[WhiteElo "2070"]
[BlackElo "2356"]
[WhiteFideId "10606017"]
[BlackFideId "13402714"]
[EventDate "2013.12.19"]

1. e4 c5 2. c3 d6 3. d4 cxd4 4. cxd4 Nf6 5. Nc3 Nc6 6. Nf3 Bg4 7. Be3 a6 8. Be2
g6 9. O-O Bg7 10. Qd2 O-O 11. Rfd1 Nd7 12. Rac1 Rc8 13. h3 Bxf3 14. Bxf3 e6 15.
Be2 Nf6 16. Bg5 Qa5 17. d5 exd5 18. Bxf6 Bxf6 19. Nxd5 Qd8 20. Bg4 Rb8 21. Nxf6+
Qxf6 22. b3 Rbd8 23. f4 Rfe8 24. Bf3 Qh4 25. Kh2 h6 26. g3 Qf6 27. Bg2 g5 28.
fxg5 hxg5 29. Rf1 Qe7 30. Rf5 f6 31. Rcf1 Rf8 32. h4 gxh4 33. gxh4 Rf7 34. Qf2
Rdf8 35. e5 Nxe5 36. Qf4 Rh7 37. Bd5+ Kh8 38. h5 Qc7 39. Rc1 Qa5 40. Rd1 Qxa2+
41. Rd2 Qb1 42. Rg2 Qd1 43. Rxe5 Rxh5+ 44. Rxh5+ Qxh5+ 45. Kg1 Qd1+ 46. Kf2 Qc2+ 1/2-1/2

[Event "Al-Ain Classic Open A 2013"]
[Site "Al-Ain UAE"]
[Date "2013.12.27"]
[Round "8.30"]
[White "Seddaoui, Yamine"]
[Black "Elarbi, Abobker"]
[Result "1/2-1/2"]
[BlackTitle "FM"]
[WhiteElo "2051"]
[BlackElo "2295"]
[WhiteFideId "7902026"]
[BlackFideId "9200355"]
[EventDate "2013.12.19"]

1. e4 c6 2. Nf3 d5 3. Nc3 dxe4 4. Nxe4 Nf6 5. Nxf6+ exf6 6. Bc4 Bd6 7. Qe2+ Be7
8. O-O O-O 9. Re1 Bd6 10. h3 Nd7 11. d4 Nb6 12. Bb3 Qc7 13. Bd2 Bd7 14. c4 c5
15. d5 Rad8 16. Qd3 Qc8 17. Bc2 g6 18. Qc3 Rfe8 19. Bh6 Rxe1+ 20. Rxe1 Re8 21.
Rxe8+ Bxe8 22. b3 1/2-1/2

[Event "Al-Ain Classic Open A 2013"]
[Site "Al-Ain UAE"]
[Date "2013.12.27"]
[Round "8.31"]
[White "Kaboodi, Behrang"]
[Black "Ameir, Moheb"]
[Result "0-1"]
[BlackTitle "IM"]
[WhiteElo "2044"]
[BlackElo "2287"]
[WhiteFideId "12504955"]
[BlackFideId "10600620"]
[EventDate "2013.12.19"]

1. d4 Nf6 2. Bf4 g6 3. Nf3 Bg7 4. e3 d6 5. h3 Nbd7 6. Be2 O-O 7. O-O Qe8 8. Bh2
e5 9. c4 Qe7 10. Nc3 b6 11. Nb5 Ne8 12. dxe5 Nxe5 13. Nxe5 dxe5 14. Bf3 e4 15.
Qd5 exf3 16. Qxa8 fxg2 17. Rfd1 Bxh3 18. Rd8 Bxb2 19. Rad1 Bg7 20. Rb8 a6 21.
Qxa6 Bg4 22. Rdd8 Bf3 23. Qa3 Qe4 24. Qb4 c5 25. Qe1 Be5 26. Bg3 Bxb8 27. Rxb8
Qxc4 28. Rxb6 Ng7 29. Nd6 Qxa2 30. Be5 Qd5 31. Qa1 Ra8 0-1

[Event "Al-Ain Classic Open A 2013"]
[Site "Al-Ain UAE"]
[Date "2013.12.27"]
[Round "8.32"]
[White "Guliev, Sarhan"]
[Black "Zayan, Osama"]
[Result "0-1"]
[WhiteTitle "GM"]
[WhiteElo "2430"]
[BlackElo "2234"]
[WhiteFideId "13400231"]
[BlackFideId "10601180"]
[EventDate "2013.12.19"]

1. e4 e5 2. Nf3 Nc6 3. Bb5 f5 4. d3 fxe4 5. dxe4 Nf6 6. O-O Bc5 7. Nc3 d6 8. Na4
Bb6 9. Nxb6 axb6 10. Bc4 Bg4 11. c3 Qd7 12. Qd3 Bxf3 13. Qxf3 Na5 14. Qe2 Nxc4
15. Qxc4 Ra4 16. b4 Qf7 17. Qb5+ Qd7 18. Qc4 Qf7 19. Qxf7+ Kxf7 20. f3 Rha8 21.
Rf2 Ke6 22. Re2 Kd7 23. Kf2 Kc6 24. Ke3 b5 25. Kd3 Nd7 26. g3 Nb6 27. f4 Nc4 28.
f5 Kd7 29. g4 c6 30. g5 d5 31. exd5 cxd5 32. h4 Rf8 33. g6 hxg6 34. fxg6 Rf3+
35. Kc2 d4 36. cxd4 exd4 37. Kd1 d3 38. Re1 Rf2 39. Be3 Nb2+ 40. Kc1 Rc2+ 41.
Kb1 Nd1 0-1

[Event "Al-Ain Classic Open A 2013"]
[Site "Al-Ain UAE"]
[Date "2013.12.27"]
[Round "8.33"]
[White "Hassan, Sayed Barakat"]
[Black "Gluckman, David"]
[Result "1-0"]
[WhiteTitle "IM"]
[BlackTitle "IM"]
[WhiteElo "2341"]
[BlackElo "2237"]
[WhiteFideId "10600299"]
[BlackFideId "14300010"]
[EventDate "2013.12.19"]

1. Nf3 g6 2. d4 Nf6 3. Nc3 Bg7 4. Bg5 d5 5. Bxf6 Bxf6 6. e4 dxe4 7. Nxe4 Bg7 8.
Bc4 O-O 9. c3 Nd7 10. Qe2 Nb6 11. Bb3 Nd5 12. Qd2 c6 13. O-O Qc7 14. Rfe1 Bg4
15. Ne5 Bf5 16. Ng3 Be6 17. h4 Rad8 18. h5 Qc8 19. Nd3 Nc7 20. hxg6 hxg6 21. Qg5
Bf6 22. Qh6 Bg7 23. Qh2 Rfe8 24. Ne4 Bxb3 25. axb3 Nb5 26. Re3 a6 27. Ng5 Qg4
28. Qh7+ Kf8 29. Nxf7 Rd5 30. Nfe5 Qh5 31. Nxg6+ Kf7 32. Nge5+ Rxe5 33. Nxe5+ 1-0

[Event "Al-Ain Classic Open A 2013"]
[Site "Al-Ain UAE"]
[Date "2013.12.27"]
[Round "8.34"]
[White "Sarwat, Walaa"]
[Black "Kurbanov, Charygeldy"]
[Result "1-0"]
[WhiteTitle "IM"]
[WhiteElo "2315"]
[BlackElo "2104"]
[WhiteFideId "10600256"]
[BlackFideId "14001152"]
[EventDate "2013.12.19"]

1. e4 Nf6 2. e5 Nd5 3. d4 d6 4. c4 Nb6 5. exd6 cxd6 6. Nc3 g6 7. Be3 Bg7 8. b3
O-O 9. Rc1 Nc6 10. d5 Ne5 11. Be2 a6 12. f4 Ned7 13. Nf3 Nf6 14. O-O Bg4 15. Re1
Rc8 16. h3 Bd7 17. Qd2 Na8 18. Nd4 e6 19. dxe6 fxe6 20. Bf3 Qc7 21. Red1 Rcd8
22. Ne4 Nxe4 23. Bxe4 Bc8 24. Nf3 Qe7 25. Ng5 Nc7 26. Bf3 Rd7 27. Ne4 Ne8 28.
Ng5 Nf6 29. Qa5 Kh8 30. Re1 h6 31. Ne4 Nxe4 32. Bxe4 Qf7 33. Rcd1 Rfd8 34. Bb6
Re8 35. Rf1 Bf6 36. Qd2 Qg7 37. Qc2 d5 38. cxd5 exd5 39. Bxd5 Rde7 40. Qc4 Bf5
41. Bf3 Be4 42. Bxe4 Rxe4 43. Qd5 Re2 44. Rf2 Rxf2 45. Bxf2 Rd8 46. Qxd8+ Bxd8
47. Rxd8+ 1-0

[Event "Al-Ain Classic Open A 2013"]
[Site "Al-Ain UAE"]
[Date "2013.12.27"]
[Round "8.36"]
[White "Hejazipour, Mitra"]
[Black "Sosovicka, Juraj"]
[Result "1-0"]
[WhiteTitle "WIM"]
[WhiteElo "2274"]
[BlackElo "2188"]
[WhiteFideId "12505951"]
[BlackFideId "14911418"]
[EventDate "2013.12.19"]

1. d4 d5 2. Nf3 Nf6 3. c4 e6 4. Nc3 Be7 5. Bg5 h6 6. Bh4 O-O 7. e3 b6 8. Bd3 Bb7
9. O-O c5 10. Qe2 Ne4 11. Bg3 Nxg3 12. hxg3 Nc6 13. cxd5 exd5 14. dxc5 bxc5 15.
Rfd1 d4 16. Be4 Bf6 17. exd4 cxd4 18. Qb5 Qe7 19. Nd5 Qxe4 20. Nxf6+ gxf6 21.
Re1 Qg4 22. Qxb7 Qc8 23. Qb5 Rb8 24. Qh5 Re8 25. Rxe8+ Qxe8 26. Qxh6 Rxb2 27.
Qxf6 Qe6 28. Qg5+ Qg6 29. Qc1 Rc2 30. Qf4 d3 31. Rd1 Rxa2 32. Nh4 Qe6 33. Rxd3
Qe1+ 34. Kh2 Qxf2 35. Rf3 1-0

[Event "Al-Ain Classic Open A 2013"]
[Site "Al-Ain UAE"]
[Date "2013.12.27"]
[Round "8.39"]
[White "Djuraev, Sokhib"]
[Black "Batjantsan, Purevjal"]
[Result "1/2-1/2"]
[WhiteTitle "FM"]
[WhiteElo "2355"]
[BlackElo "2092"]
[WhiteFideId "14201690"]
[BlackFideId "4901231"]
[EventDate "2013.12.19"]

1. e4 e5 2. Nf3 Nf6 3. Nxe5 d6 4. Nf3 Nxe4 5. Nc3 Nxc3 6. dxc3 Be7 7. Be3 O-O 8.
Qd2 c5 9. O-O-O Qa5 10. Bc4 Nd7 11. a3 b5 12. Bd5 Rb8 13. Bg5 Bxg5 14. Nxg5 Nf6
15. Rhe1 Qc7 16. f3 b4 17. cxb4 cxb4 18. axb4 h6 19. Ne4 Nxd5 20. Qxd5 Rxb4 21.
Rd4 Rxd4 22. Qxd4 d5 23. Ng3 Qc6 24. Nh5 Qg6 25. Nf4 Qg5 26. g3 Be6 27. h4 Qf5
28. g4 Qf6 29. Qxf6 gxf6 30. Nxe6 Re8 31. Kd2 fxe6 32. Ra1 Re7 33. Ke3 Rb7 34.
b3 e5 35. Ra6 Kf7 36. Rd6 Rc7 37. Kd2 d4 38. f4 h5 39. g5 fxg5 40. fxg5 Rc3 41.
Rh6 Rh3 42. Rxh5 e4 43. Rh7+ Ke6 44. Rxa7 Rxh4 45. g6 Rh2+ 46. Kd1 Rh1+ 47. Kd2
Rh2+ 48. Kc1 Rg2 49. b4 Kd5 50. g7 Kc4 51. Rd7 Kxb4 52. Rxd4+ Kc3 53. Rd7 Rg1+
54. Rd1 Rxg7 55. Re1 Rg2 56. Re3+ Kd4 57. Ra3 e3 58. Kd1 Rd2+ 59. Ke1 Rxc2 60.
Ra8 1/2-1/2

[Event "Al-Ain Classic Open A 2013"]
[Site "Al-Ain UAE"]
[Date "2013.12.27"]
[Round "8.40"]
[White "Chelushkina, Irina"]
[Black "Djaballah, Farouk"]
[Result "0-1"]
[WhiteTitle "WGM"]
[WhiteElo "2276"]
[BlackElo "2037"]
[WhiteFideId "928615"]
[BlackFideId "7900937"]
[EventDate "2013.12.19"]

1. g3 Nf6 2. Bg2 e5 3. d3 d5 4. Nf3 Bd6 5. O-O O-O 6. Nc3 c6 7. e4 d4 8. Ne2 c5
9. Ne1 Nc6 10. h3 b5 11. f4 c4 12. f5 Ba6 13. g4 h6 14. Ng3 Nh7 15. f6 Nxf6 16.
Nf5 Kh7 17. g5 Ng8 18. gxh6 g6 19. Nf3 f6 20. N3h4 gxf5 21. Nxf5 Nge7 22. Ng7
Bc8 23. Rf3 Ng6 24. Rg3 Nce7 25. a4 b4 26. dxc4 a5 27. Bd2 Ra7 28. Qh5 Nf4 29.
Qd1 Neg6 30. Nf5 Rg8 31. Rg4 Rc7 32. b3 Nxg2 33. Rxg2 Bxf5 34. exf5 Nh4 35. Rg4
e4 36. Qe2 Nf3+ 37. Kh1 Rxg4 38. hxg4 Qe8 39. Rf1 Be5 0-1

[Event "Al-Ain Classic Open A 2013"]
[Site "Al-Ain UAE"]
[Date "2013.12.27"]
[Round "8.41"]
[White "Tuvsanaa, Nyamaa"]
[Black "Afshar, Niusha"]
[Result "1-0"]
[WhiteTitle "FM"]
[WhiteElo "2162"]
[BlackElo "1992"]
[WhiteFideId "4900413"]
[BlackFideId "12509892"]
[EventDate "2013.12.19"]

1. d4 Nf6 2. c4 e6 3. Nf3 b6 4. g3 Bb7 5. Bg2 Be7 6. O-O O-O 7. Re1 Ne4 8. Nfd2
d5 9. Nxe4 dxe4 10. Nc3 f5 11. Bf4 Bf6 12. Nb5 Rf7 13. d5 exd5 14. cxd5 a6 15.
Nc3 Bxc3 16. bxc3 Qxd5 17. Qc2 Qc4 18. Red1 Nc6 19. Bf1 Rd8 20. e3 Qc5 21. Rxd8+
Nxd8 22. Rd1 Nc6 23. Qb3 Kf8 24. Bg5 b5 25. Rd5 Qa7 26. c4 b4 27. Qxb4+ Kg8 28.
Qd2 h6 29. Bf4 Qb8 30. c5 Kh7 31. h4 Qe8 32. Be2 Qe7 33. Bh5 g6 34. Be2 g5 35.
Bh5 Rg7 36. hxg5 hxg5 37. Rxf5 gxf4 38. Rxf4 Ne5 39. Be2 Nf3+ 40. Bxf3 exf3 41.
Qc2+ Kh8 42. c6 Bc8 43. Rxf3 Qb4 44. Qd1 Bg4 45. Qd8+ Kh7 46. Rf8 Qe7 47. Rh8+
Kg6 48. Qd4 Kf7 49. Qf4+ Ke6 50. Rh6+ Kd5 51. Qd4# 1-0

[Event "Al-Ain Classic Open A 2013"]
[Site "Al-Ain UAE"]
[Date "2013.12.27"]
[Round "8.42"]
[White "Mezioud, Amina"]
[Black "Safarov, Zirva"]
[Result "0-1"]
[WhiteTitle "WIM"]
[WhiteElo "2048"]
[BlackElo "2120"]
[WhiteFideId "7900970"]
[BlackFideId "13413040"]
[EventDate "2013.12.19"]

1. e4 e6 2. d4 d5 3. Nd2 c5 4. dxc5 Bxc5 5. Nb3 Bb6 6. exd5 exd5 7. Nf3 Nf6 8.
Bd3 O-O 9. O-O Nc6 10. h3 Re8 11. Bg5 h6 12. Bh4 g5 13. Bg3 Ne4 14. Bh2 Qf6 15.
c3 g4 16. hxg4 Bxg4 17. Be2 Ng5 18. Nfd4 Rxe2 19. Nxe2 Re8 20. Nbc1 Qe7 21. Qd2
Bxe2 22. Nxe2 Qxe2 23. Qxd5 Qxb2 24. Kh1 Qxc3 25. Bf4 Qf6 26. Be3 Re5 27. Qd7
Re4 28. Bxg5 hxg5 29. g3 Qf3+ 0-1

[Event "Al-Ain Classic Open A 2013"]
[Site "Al-Ain UAE"]
[Date "2013.12.27"]
[Round "8.43"]
[White "Mukhin, Alexey"]
[Black "Abdulkarim, Ali"]
[Result "1-0"]
[WhiteElo "2188"]
[BlackElo "1944"]
[WhiteFideId "4180011"]
[BlackFideId "9301640"]
[EventDate "2013.12.19"]

1. e4 e6 2. d4 d5 3. Nd2 dxe4 4. Nxe4 Nf6 5. Bd3 Nbd7 6. Nf3 Nxe4 7. Bxe4 Nf6 8.
Bg5 h6 9. Bxf6 Qxf6 10. Qe2 Bd6 11. O-O-O O-O 12. Kb1 Rb8 13. g4 Bd7 14. h4 Qf4
15. Ne5 Rfd8 16. Nd3 Qf6 17. g5 Qxd4 18. gxh6 gxh6 19. Rhg1+ Kh8 20. Qh5 Qf6 21.
Bg6 Bf8 22. Bxf7 Bg7 23. Rg6 Qxf7 24. Rdg1 Be8 25. Rxh6+ Kg8 26. Rh8# 1-0

[Event "Al-Ain Classic Open A 2013"]
[Site "Al-Ain UAE"]
[Date "2013.12.27"]
[Round "8.44"]
[White "Dahdal, Lougain"]
[Black "Kalinina, Larisa"]
[Result "1-0"]
[WhiteTitle "WIM"]
[BlackTitle "WIM"]
[WhiteElo "2002"]
[BlackElo "2155"]
[WhiteFideId "8102880"]
[BlackFideId "14106361"]
[EventDate "2013.12.19"]

1. d4 Nf6 2. c4 d6 3. Nc3 g6 4. e4 Nbd7 5. Bd3 e5 6. d5 Nc5 7. Bc2 a5 8. Nge2
Bg7 9. O-O O-O 10. Rb1 Nh5 11. a3 f5 12. exf5 gxf5 13. b4 axb4 14. axb4 Nd7 15.
f4 e4 16. Be3 Ndf6 17. h3 Qe7 18. c5 Bd7 19. cxd6 cxd6 20. Nd4 Kh8 21. Bb3 Rg8
22. Ne6 Ng3 23. Rf2 Bxe6 24. dxe6 Ng4 25. hxg4 Bxc3 26. Bd4+ Bxd4 27. Qxd4+ Rg7
28. g5 Kg8 29. Qe3 Nh5 30. Qh3 Qe8 31. Qxf5 e3 32. Rf3 e2 33. Qd3 Qg6 34. Qxg6
Rxg6 35. g4 Nxf4 36. Rxf4 Rxg5 37. Kf2 Re5 38. Re1 Ra3 39. e7+ Rxb3 1-0

[Event "Al-Ain Classic Open A 2013"]
[Site "Al-Ain UAE"]
[Date "2013.12.27"]
[Round "8.45"]
[White "Gator, Mosab"]
[Black "Alahakoon, Isuru"]
[Result "1-0"]
[WhiteTitle "FM"]
[WhiteElo "2120"]
[BlackElo "2067"]
[WhiteFideId "1312383"]
[BlackFideId "9900993"]
[EventDate "2013.12.19"]

1. e4 c5 2. Nc3 a6 3. f4 g6 4. Nf3 Bg7 5. d3 Nc6 6. Be3 d6 7. Qd2 Bg4 8. Be2 Nf6
9. O-O O-O 10. f5 Bxf3 11. Rxf3 Ng4 12. Bf4 Bd4+ 13. Kf1 e5 14. Bg3 h5 15. h3 h4
16. hxg4 hxg3 17. f6 Kh7 18. Nd5 Bf2 19. Rxf2 gxf2 20. Kxf2 1-0